000 00547nam a2200181 i 4500
001 185131
003 ES-MaACL
005 20250903084344.0
008 160323s1909 fr |||| | fre d
110 2 _aMasson et Cie.
_9134681
245 1 0 _aRecents volumes medicaux
_b: 1909.
260 _aParis :
_bMasson et Cie,
_c1909.
300 _a48 p. :
_bil. ;
_c22 cm.
650 7 _aCatálogos de editores-
_yS.XX
_2
_9169795
650 4 _aCatálogos de editores-
_zFrancia
_912068
852 _aES-MaACL
_j1517-F-5
999 _c185131
_d185131